[Event "Ruhrgebiet VL1 0304"]
[Site "Ruhrgebiet"]
[Date "2003.12.07"]
[Round "4.6"]
[White "Schatte, Michael"]
[Black "Olf, Hans Helmut"]
[Result "0-1"]
[WhiteElo "1744"]
[BlackElo "2033"]
[PlyCount "51"]
[EventDate "2003.09.28"]
[EventType "team"]
[EventRounds "9"]
[EventCountry "GER"]
[SourceTitle "EXT 2007"]
[Source "ChessBase"]
[SourceDate "2006.11.23"]
[SourceVersion "1"]
[SourceVersionDate "2006.11.23"]
[SourceQuality "1"]
[WhiteTeam "Altstadt RE"]
[BlackTeam "Welper SV"]
[WhiteTeamCountry "GER"]
[BlackTeamCountry "GER"]

1. b3 Nf6 2. Bb2 e6 3. f4 d5 4. Nf3 Be7 5. e3 0-0 6. Be2 c5 7. 0-0 Nc6 8. c3 Qc7 9. Na3 a6 10. d4 b5 11. Nc2 Bd7 12. Ng5 h6 13. Nf3 Ne4 14. Nd2 cxd4 15. Nxe4 dxe4 16. Nxd4 Bc5 17. c4 bxc4 18. Bxc4 e5 19. fxe5 Nxe5 20. Rc1 Ng4 21. g3 Nxe3 22. Qd2 Nxf1 23. Kxf1 Qd6 24. Rd1 Bh3+ 25. Kf2 Qf6+ 26. Qf4 0-1